| 000 | 00883nam a22002417a 4500 | ||
|---|---|---|---|
| 999 |
_c92543 _d92543 |
||
| 005 | 20230530112427.0 | ||
| 010 | _aENG-112519 ENG-137021 | ||
| 020 |
_a9789380502588 _c720.00 |
||
| 035 | _aEN-96051 | ||
| 035 | _aEN-120553 | ||
| 037 | _bDBAD/PUB | ||
| 082 | _a355.343 | ||
| 100 | _aPoduval, Sanjay | ||
| 245 | 0 | 0 |
_aNetwork centric warfare : _bhow we think, see and fight in the information age / _cby Sanjay Poduval |
| 260 |
_aNew Delhi _bKW Publishers in association with Centre for Air Power Studies _c2013(repr.) |
||
| 270 |
_a4676/21, First Floor, Ansari Road, Daryaganj, _bNew Delhi _e110002 |
||
| 300 |
_axx,241p. _c24cm(Hb) |
||
| 500 | _aIncludes index | ||
| 650 | _aNetwork-centric operations (Military science) | ||
| 650 | _a Information warfare. | ||
| 710 | _aCentre for Air Power Studies (New Delhi, India) | ||
| 942 |
_2ddc _cEN _mPOD _h355.343 |
||